000 00866 a2200265 4500
003 0
005 20171012154021.0
008 130225t xxu||||| |||| 00| 0 eng d
020 _a2-86537-254-5
040 _aBUAC
_bFre.
_cBUC
041 _aFre.
100 _aCanel, Patrick
_922483
100 _lFre.
_922484
245 _aConstruire la ville africaine :
_b Chroniques du citadin promoteur
_cPatrck Canel, Philippe Delis, Christan Girard
260 _aParis :
_bEd. Karthala,
_bEd. ACCT,
_c1990
300 _a197 p.
_c24 cm
_bcouv. ill. en coul. ;
440 _a(Economie et développement / dir. par Georges Courade)
_922485
504 _aBibliogr. pp. 188 - 193
630 _aGEOGRAPHIE
_922486
650 _aVille : urbanisation : Afrique
_922487
700 _aDelis, Philippe
_922489
700 _aGirard, Christian
_922490
942 _cLBA
999 _c35615
_d35615